| 000 | 00563nam a22001937a 4500 | ||
|---|---|---|---|
| 005 | 20240926153821.0 | ||
| 010 | _aENG-141538 | ||
| 020 |
_a9788181914224 _c695.00 |
||
| 035 | _aEN-125070 | ||
| 037 | _bDBAD | ||
| 082 |
_24 _a618.9 |
||
| 100 |
_aSanthosh Kumar _972043 |
||
| 245 |
_aPaediatric Clinical Examination/ _cby Santhosh Kumar |
||
| 250 | _a4th | ||
| 260 |
_aHyderabad _bParas Medical Publisher _c2014 |
||
| 270 |
_a5-1-475,First Floor ,Putlibowli _bHyderabad _e500095 |
||
| 300 |
_a570p.: _c24cm(hb) |
||
| 942 |
_2ddc _cEN _h618.9 _mSAN |
||
| 999 |
_c205433 _d205433 |
||